All of us : (Record no. 589727)
[ view plain ]
| 000 -LEADER | |
|---|---|
| fixed length control field | 01361cam a2200361 a 4500 |
| 001 - CONTROL NUMBER | |
| control field | 205545 |
| 003 - CONTROL NUMBER IDENTIFIER | |
| control field | NUST |
| 005 - DATE AND TIME OF LATEST TRANSACTION | |
| control field | 20220516153349.0 |
| 008 - FIXED-LENGTH DATA ELEMENTS--GENERAL INFORMATION | |
| fixed length control field | 990709s1999 nyua 001 0 eng |
| 010 ## - LIBRARY OF CONGRESS CONTROL NUMBER | |
| LC control number | 99065300 |
| 020 ## - INTERNATIONAL STANDARD BOOK NUMBER | |
| International Standard Book Number | 0967290902 |
| 038 ## - RECORD CONTENT LICENSOR | |
| Staff Name | Arshad |
| 040 ## - CATALOGING SOURCE | |
| Original cataloging agency | DLC |
| Transcribing agency | DLC |
| 050 00 - LIBRARY OF CONGRESS CALL NUMBER | |
| Classification number | HB849.415 |
| Item number | .A43 1999 |
| 082 ## - DEWEY DECIMAL CLASSIFICATION NUMBER | |
| Classification number | 363 |
| Author Mark | ALL |
| 245 00 - TITLE STATEMENT | |
| Title | All of us : |
| Remainder of title | births and a better life : population, development, and environment in a globalized world : selections from the pages of the Earth Times / |
| Statement of responsibility, etc. | edited by Jack Freeman and Pranay Gupte ; design and illustrations by Louis Silverstein. |
| 246 30 - VARYING FORM OF TITLE | |
| Title proper/short title | Births and a better life |
| 246 30 - VARYING FORM OF TITLE | |
| Title proper/short title | Population, development, and environment in a globalized world |
| 250 ## - EDITION STATEMENT | |
| Edition statement | 1st ed. |
| 260 ## - PUBLICATION, DISTRIBUTION, ETC. | |
| Place of publication, distribution, etc. | New York : |
| Name of publisher, distributor, etc. | Earth Times, |
| Date of publication, distribution, etc. | c1999. |
| 300 ## - PHYSICAL DESCRIPTION | |
| Extent | xv, 480 p. : |
| Other physical details | ill. ; |
| Dimensions | 26 cm. |
| 500 ## - GENERAL NOTE | |
| General note | Includes index. |
| 563 ## - BINDING INFORMATION | |
| Binding note | HBK |
| 650 #0 - SUBJECT ADDED ENTRY--TOPICAL TERM | |
| Topical term or geographic name entry element | Population |
| General subdivision | Environmental aspects. |
| 9 (RLIN) | 91598 |
| 650 #0 - SUBJECT ADDED ENTRY--TOPICAL TERM | |
| Topical term or geographic name entry element | Birth control. |
| 9 (RLIN) | 11156 |
| 650 #0 - SUBJECT ADDED ENTRY--TOPICAL TERM | |
| Topical term or geographic name entry element | Population policy. |
| 9 (RLIN) | 91599 |
| 700 1# - ADDED ENTRY--PERSONAL NAME | |
| Personal name | Freeman, Jack. |
| 9 (RLIN) | 91600 |
| 700 1# - ADDED ENTRY--PERSONAL NAME | |
| Personal name | Gupte, Pranay. |
| 9 (RLIN) | 91601 |
| 730 0# - ADDED ENTRY--UNIFORM TITLE | |
| Uniform title | Earth times (Earth Times Foundation) |
| 9 (RLIN) | 91602 |
| 906 ## - LOCAL DATA ELEMENT F, LDF (RLIN) | |
| a | 7 |
| b | cbc |
| c | orignew |
| d | 2 |
| e | opcn |
| f | 19 |
| g | y-gencatlg |
| 942 ## - ADDED ENTRY ELEMENTS (KOHA) | |
| Source of classification or shelving scheme | |
| Koha item type | Book |
| Withdrawn status | Lost status | Source of classification or shelving scheme | Damaged status | Not for loan | Permanent Location | Current Location | Date acquired | Total Checkouts | Full call number | Barcode | Date last seen | Price effective from | Koha item type |
|---|---|---|---|---|---|---|---|---|---|---|---|---|---|
| Central Library (CL) | Central Library (CL) | 05/16/2022 | 363 ALL | CL3252 | 09/18/2023 | 05/16/2022 | Book |
